000
00234nam a2200097Ia 4500
008
190216s9999||||xx |||||||||||||| ||und||
100
_a
Vidwan K Prakasham
245
0
_a
Vyasa Maha Bharatham Vol 2.3.4.6.7
260
_b
Null
942
_c
BK
999
_c
25056
_d
25056